书目信息 |
| 题名: |
大学英语主题阅读
|
|
| 作者: | 汪新颖, 总主编 ;崔艳 主编 | |
| 分册: | 2 文化篇 | |
| 出版信息: | 北京 清华大学出版社 2024.08 |
|
| 页数: | 154页 | |
| 开本: | 26cm | |
| 丛书名: | ||
| 单 册: | ||
| 中图分类: | H319.37 | |
| 科图分类: | ||
| 主题词: | 英语--ying yu--阅读--高等学校--教材 | |
| 电子资源: | ||
| ISBN: | 978-7-302-66945-6 | |
| 000 | 00992nam 2200265 450 | |
| 001 | CAL 012025018885 | |
| 005 | 20251022102558.56 | |
| 010 | @a978-7-302-66945-6@dCNY45.00 | |
| 099 | @aCAL 012025018885 | |
| 100 | @a20250305d2024 em y0chiy0120 ea | |
| 101 | 0 | @achi@aeng |
| 102 | @aCN@b110000 | |
| 105 | @ay z 000yy | |
| 106 | @ar | |
| 200 | 1 | @a大学英语主题阅读@Ada xue ying yu zhu ti yue du@i文化篇@h2@f汪新颖总主编@g崔艳主编 |
| 210 | @a北京@c清华大学出版社@d2024.08 | |
| 215 | @a154页@d26cm | |
| 330 | @a本书聚焦于中国传统文化,深入浅出地呈现了中国文化的方方面面,包括历法、艺术、历史、文字、哲学、饮食、建筑等。通过研读文化题材的文章,学生可深入了解中华传统文化的精髓,建立文化自信,为跨文化交流打下坚实基础。 | |
| 606 | 0 | @a英语@Aying yu@x阅读@x高等学校@j教材 |
| 690 | @aH319.37@v5 | |
| 701 | 0 | @a汪新颖,@Awang xin ying@f1980-@4总主编 |
| 702 | 0 | @a崔艳@Acui yan@4主编 |
| 801 | 0 | @aCN@c20250919 |
| 905 | @a河南城建学院图书馆@dH319.37@eW088:2@ZW088:2@f1 | |
| 998 | @aHQWY | |
| 大学英语主题阅读.文化篇.2/汪新颖总主编/崔艳主编.-北京:清华大学出版社,2024.08 |
| 154页;26cm |
| ISBN 978-7-302-66945-6:CNY45.00 |
| 本书聚焦于中国传统文化,深入浅出地呈现了中国文化的方方面面,包括历法、艺术、历史、文字、哲学、饮食、建筑等。通过研读文化题材的文章,学生可深入了解中华传统文化的精髓,建立文化自信,为跨文化交流打下坚实基础。 |
| ● |
| 相关链接 |
|
|
|
正题名:大学英语主题阅读
索取号:H319.37/W088:2
 
预约/预借
| 序号 | 登录号 | 条形码 | 馆藏地/架位号 | 状态 | 备注 |
| 1 | 1637728 | 216377285 | 语言库209/209语言库 43排4列5层/ [索取号:H319.37/W088:2] | 在馆 |